000 00294nam a2200121Ia 4500
008 190216s9999||||xx |||||||||||||| ||und||
100 _aBhalla V K
245 0 _aInternational Finance A Business Perspectives
260 _bAnmol Publications
300 _a444
650 _aCommerce
942 _cBK
999 _c6980
_d6980